100 Most Populous Countries in 2100 Quiz Stats

 Plays Quiz not verified by Sporcle

Score 0/100 Timer 20:00
0 Plays Today
Rank Country % Correct
2.China
96%
4.United States of America
95%
23.Russian Federation
87.7%
33.United Kingdom
87.7%
3.Nigeria
87.6%
11.Niger
87.5%
12.Brazil
86.9%
5.Indonesia
86.7%
16.Mexico
86.5%
1.India
85.2%
29.Japan
85.2%
42.Germany
85.2%
32.France
84.8%
7.Pakistan
84.6%
47.Canada
82.7%
17.Egypt
80.9%
48.Argentina
80.6%
45.Italy
80.5%
14.Bangladesh
79.2%
26.Islamic Republic of Iran
78.5%
55.Spain
78.3%
57.Republic of Korea
78.2%
36.South Africa
77.9%
56.Australia
77.4%
31.Viet Nam
76.8%
21.Iraq
76.2%
27.Turkey
76.2%
9.Ethiopia
75.8%
8.Democratic Republic of the Congo
74.9%
58.Thailand
74.6%
81.Chile
74.1%
38.Colombia
73.6%
15.Kenya
73.1%
44.Algeria
73.1%
Rank Country % Correct
19.Sudan
72.9%
72.Ukraine
71.7%
60.Peru
71.4%
13.Philippines
70.7%
62.Saudi Arabia
70.7%
69.Poland
70%
6.United Republic of Tanzania
69.8%
51.Bolivarian Republic of Venezuela
69.6%
52.Morocco
69.4%
53.Malaysia
69.2%
70.Democratic People's Republic of Korea
69.1%
39.Afghanistan
68.6%
10.Uganda
68.1%
37.Chad
66.2%
46.Somalia
65.9%
24.Mali
64.5%
54.Yemen
64.1%
59.Syrian Arab Republic
64.1%
25.Angola
63.8%
88.Sweden
63.5%
18.Zambia
62.8%
77.Republic of the Congo
62.8%
41.Ghana
62.7%
67.Zimbabwe
62.5%
49.Myanmar
62%
61.South Sudan
61.7%
65.Nepal
61.2%
20.Mozambique
61%
79.Kazakhstan
61%
74.Cambodia
60.9%
80.Plurinational State of Bolivia
60.1%
86.Israel
60%
68.Uzbekistan
59.8%
30.Cameroon
59.2%
Rank Country % Correct
63.Rwanda
59.1%
22.Madagascar
59%
83.Netherlands
58.6%
94.Romania
58%
73.Ecuador
57.9%
34.Cote d'Ivoire
57.7%
98.Central African Republic
56.3%
100.Tunisia
56.3%
90.United Arab Emirates
56.2%
50.Guatemala
56.1%
40.Senegal
55.3%
99.Paraguay
55.2%
64.Guinea
55%
95.Belgium
54.3%
71.Togo
53.7%
85.Honduras
53.6%
76.Sri Lanka
53.3%
28.Malawi
52.9%
91.Jordan
52.6%
43.Burundi
51.9%
66.Benin
51.9%
87.Haiti
51.9%
78.Tajikistan
50.4%
35.Burkina Faso
50.1%
93.Switzerland
49.6%
75.Eritrea
49.5%
84.Liberia
49%
96Dominican Republic
48.8%
97.Mauritania
48.5%
89.Sierra Leone
46.4%
82.Papua New Guinea
44.4%
92.State of Palestine
33.7%

You're not logged in!

Compare scores with friends on all Sporcle quizzes.
OR
Log In

Show Comments

Extras

Top Quizzes Today


Score Distribution

Your Account Isn't Verified!

In order to create a playlist on Sporcle, you need to verify the email address you used during registration. Go to your Sporcle Settings to finish the process.

Report this User

Report this user for behavior that violates our Community Guidelines.

Details: